Důchodová daň, daň z obratu a související otázky Znění právních předpisů k 31.8.1991

Saved in:
Bibliographic Details
Main Author: Sobotová, Marta
Other Authors: Zahrádková, Zdeňka
Format: Book
Language:Czech
Published: Ostrava Sagit 1991
Edition:1. vyd.
Subjects:
Tags: Add Tag
No Tags, Be the first to tag this record!

MARC

LEADER 00000nam a2200000 4500
001 c001719
005 20221214093436.0
020 |a 80-900336-5-2 
041 0 |a cze 
044 |a CZ 
245 1 0 |a Důchodová daň, daň z obratu a související otázky  |b Znění právních předpisů k 31.8.1991  |c Marta Sobotová, Zdeňka Zahrádková 
250 |a 1. vyd. 
264 1 |a Ostrava  |b Sagit  |c 1991 
300 |a 131 s. 
610 2 0 |a dane 
610 2 0 |a predpisy právne 
610 2 0 |a dane dôchodkové 
610 2 0 |a dane z obratu 
610 2 0 |a dane z objemu miezd 
610 2 0 |a dane z príjmov 
610 2 0 |a register podnikový 
610 2 0 |a spoločnosti obchodné 
610 2 0 |a družstvá bytové 
610 2 0 |a dane priame 
610 2 0 |a dane podnikové 
610 2 0 |a sadzby daňové 
100 1 |a Sobotová, Marta 
700 1 |a Zahrádková, Zdeňka